Number of Countries on each Continent - Statistics

General Stats
  • This quiz has been taken 69 times
  • The average score is 5 of 6
Answer Stats
Hint Answer % Correct
South America 12
97%
Africa 54
95%
Oceania 14
93%
North America 23
93%
Europe 50
90%
Asia 49
81%
No matching quizzes found
Score Distribution
Percent of People with Each Score
Percentile by Number Answered
Your Score History
You have not taken this quiz